La criminalità organizzata in Calabria

Gespeichert in:  
Bibliographische Detailangaben
VerfasserInnen: Gratteri, Nicola (Verfasst von) ; Nicaso, Antonio (Verfasst von) ; Giardina, Valerio (Verfasst von)
Medienart: Druck Buch
Sprache:Italienisch
Veröffentlicht: Cosenza Pellegrini 20XX-
In:Jahr: 2009
Verfügbarkeit prüfen: HBZ Gateway
Subito Bestelldienst: Jetzt bestellen.
Bände / Aufsätze:Bände / Aufsätze anzeigen.
Schlagwörter:

MARC

LEADER 00000cam a2200000 ca4500
001 1392287847
003 DE-627
005 20220613133250.0
007 tu
008 100426n20uuuuuuxx ||||| 00| ||ita c
035 |a (DE-627)1392287847 
035 |a (DE-576)322287847 
035 |a (DE-599)BSZ322287847 
040 |a DE-627  |b ger  |c DE-627  |e rakwb 
041 |a ita 
100 1 |a Gratteri, Nicola  |4 aut 
190 |j 2009 
245 1 3 |a La criminalità organizzata in Calabria  |c Nicola Gratteri; Antonio Nicaso; Valerio Giardina 
264 1 |a Cosenza  |b Pellegrini  |c 20XX- 
336 |a Text  |b txt  |2 rdacontent 
337 |a ohne Hilfsmittel zu benutzen  |b n  |2 rdamedia 
338 |a Band  |b nc  |2 rdacarrier 
490 0 |a (Collana "Mafie"  |v ...) 
689 0 0 |d g  |0 (DE-588)4029278-2  |0 (DE-627)106274872  |0 (DE-576)208981926  |a Kalabrien  |2 gnd 
689 0 1 |d s  |0 (DE-588)4043830-2  |0 (DE-627)104189177  |0 (DE-576)209057513  |a Organisiertes Verbrechen  |2 gnd 
689 0 |5 (DE-627) 
700 1 |a Nicaso, Antonio  |4 aut 
700 1 |a Giardina, Valerio  |4 aut 
951 |a MC 
ELC |b 1 
LOK |0 000 xxxxxcx a22 zn 4500 
LOK |0 001 2633213022 
LOK |0 003 DE-627 
LOK |0 004 1392287847 
LOK |0 005 20100426155621 
LOK |0 008 100426||||||||||||||||ger||||||| 
LOK |0 040   |a DE-21  |c DE-627  |d DE-21 
LOK |0 852   |a DE-21 
LOK |0 852 1  |9 00 
LOK |0 935   |a krim 
LOK |0 939   |a 26-04-10  |b l01 
ORI |a SA-MARC-krimdoka001.raw 
SPR |a 1  |t KRI